| 000 | 01081nam a2200241Ia 4500 | ||
|---|---|---|---|
| 001 | 10513 | ||
| 003 | GE_BSU | ||
| 008 | 181216s||||||||xx |||||||||||||| ||und|| | ||
| 020 | _a9789941141539 | ||
| 040 | _cGE_BSU | ||
| 100 | _aჟორდანია,თ; ეზუგბაია,ზ; ირემაშვილი,ი; ეზუგბაია,ა. | ||
| 245 | _aჰიდრო და თბოიზოლაციის სამუშაოების ტექნოლოგია | ||
| 245 | _bსახელმძღვ.სამშენებლო სპეც.სტუდ. | ||
| 260 | _aთბილისი | ||
| 260 | _bტექნ.უნ-ტი. | ||
| 260 | _c2010 | ||
| 300 | _a228გვ.28სმ. | ||
| 300 | _bბიბლიოგრ:გვ.225 | ||
| 520 | _aნახ;ცხრ. | ||
| 541 | _h30ლ. | ||
| 653 | _aჰიდრო და თბოიზოლაციის სამუშაოების ტექნოლოგია. სახელმძღვ.სამშენებლო სპეც.სტუდ. | ||
| 942 | _cBK | ||
| 999 |
_c43768 _d43768 |
||